000 00893cam a2200277 4500
001
008 000000n2001 000 0 eng u
020 _a1860814638
035 _a(Sirsi) u111646
050 _a729.28
100 _aLittlefair, P.
110 _aBuilding Research Establishment
245 _aOffice lighting.
260 _aLondon
_bCRC Ltd.
_c2001
300 _a34p. : ill. ; 30cm.
350 _a38.00
490 _aBR
_v415
520 _aA practical guide to the provision of lighting in offices, including the need for appropriate types and levels of lighting in different parts of the building such as work areas, meeting places and ancillary spaces.
650 _aDAYLIGHT
690 _aBUILT ENVIRONMENT-CONSTRUCTION DESIGN
700 _aSlater, Anthony
700 _aPerry, Mike
700 _aGraves, Hilary
700 _aJaunzens, Denice
942 _n0
999 _c101271
_d101271